A Concise history of the people's republic of China (1949-2019) (Record no. 608404)
[ view plain ]
| 000 -LEADER | |
|---|---|
| fixed length control field | 00441nam a22001457a 4500 |
| 003 - CONTROL NUMBER IDENTIFIER | |
| control field | NUST |
| 020 ## - INTERNATIONAL STANDARD BOOK NUMBER | |
| International Standard Book Number | 9787515409764 |
| 082 ## - DEWEY DECIMAL CLASSIFICATION NUMBER | |
| Classification number | 951.083 |
| Author Mark | CON |
| 100 ## - MAIN ENTRY--PERSONAL NAME | |
| Personal name | The Institute of Contemporary China Studies |
| 9 (RLIN) | 86516 |
| 245 ## - TITLE STATEMENT | |
| Title | A Concise history of the people's republic of China (1949-2019) |
| 260 ## - PUBLICATION, DISTRIBUTION, ETC. | |
| Place of publication, distribution, etc. | Beijing |
| Name of publisher, distributor, etc. | Contemporary China Publishing House |
| Date of publication, distribution, etc. | 2019. |
| 300 ## - PHYSICAL DESCRIPTION | |
| Extent | 233p |
| Other physical details | Paperback |
| Dimensions | 24cm. |
| 563 ## - BINDING INFORMATION | |
| Binding note | Paperback |
| 942 ## - ADDED ENTRY ELEMENTS (KOHA) | |
| Source of classification or shelving scheme | |
| Koha item type | Book |
| Withdrawn status | Lost status | Source of classification or shelving scheme | Damaged status | Not for loan | Permanent Location | Current Location | Date acquired | Source of acquisition | Total Checkouts | Full call number | Barcode | Date last seen | Price effective from | Koha item type |
|---|---|---|---|---|---|---|---|---|---|---|---|---|---|---|
| School of Art Design and Architecture (SADA) | School of Art Design and Architecture (SADA) | 01/03/2022 | Donation | 915.1035 CON 2019 | SADAD0000470 | 02/28/2024 | 02/28/2024 | Book |
